| 000 | 02232nam a2200349 i 4500 | ||
|---|---|---|---|
| 001 | 768714001 | ||
| 003 | CO-MdFUSB | ||
| 005 | 20260326161717.0 | ||
| 007 | ta | ||
| 008 | 240925t1996 -us||||| |||| 001 0 eng d | ||
| 020 | _a0-8308-1992-4 | ||
| 040 |
_bspa. _aCO-MdFUSB _cCO-MdFUSB _dCO-MdFUSBC _erda |
||
| 041 | _aeng | ||
| 082 |
_223 _a227.8307 _bST888 |
||
| 100 |
_aStott, John R. W., _eautor |
||
| 245 | 1 |
_aGuard the truth : _bthe message of 1 Timothy & Titus _c/ John Stott |
|
| 264 | 1 |
_aDowners Grove, Illinois : _bInterVarsity Press, _c[1996] |
|
| 264 | 4 | _c©1996 | |
| 300 |
_a232 páginas _c; 24 cm |
||
| 336 |
_2rdacontent _atexto _btxt |
||
| 337 |
_2rdamedia _asin mediación _bn |
||
| 338 |
_2rdacarrier _avolumen _bnc |
||
| 490 | _aThe Bible Speaks Today | ||
| 504 | _aIncluye índice, guía de estudio y referencias bibliográficas | ||
| 505 | _aEl mensaje de 1 Timoteo: La vida de la iglesia local -- Doctrina apostólica (1:3-20) -- Los falsos maestros y la ley (1:3-11) -- El apóstol Pablo y el evangelio (1:12-17) -- Timoteo y la buena batalla (1:18-20) -- El culto público (2:1-15) -- La preocupación mundial por el culto público (2:1-7) -- Los roles sexuales en el culto público (2:8-15) -- Supervisión pastoral (3:1-16) -- Los supervisores (3:1-7) -- Los diáconos (3:8-13) -- La iglesia (3:14-16) -- Liderazgo local (4:1-5:2) -- Responsabilidades sociales (5:3-6:2) -- Posesiones materiales (6:3-21). -- El mensaje de Tito: doctrina y deber -- Los temas principales de la carta -- Pablo se presenta -- Pablo se dirige a Tito -- Pablo desea a Tito la gracia de Dios -- Doctrina y deber en la iglesia (1:5-16) -- Los verdaderos ancianos (1:5-9) -- Los falsos maestros (1:10-16) -- Doctrina y deber en el hogar (2:1-15) -- Los deberes éticos (2:2-10) -- La sana doctrina (2:11-14) -- Doctrina y deber en el mundo (3:1-8) -- Los cristianos en la vida pública (3:1-2) -- Ingredientes de la salvación (3:3-8) -- Mensajes personales finales (3:9-15). | ||
| 563 | _aPasta dura | ||
| 630 | 0 | 7 |
_aBiblia. _pTimoteo, 1ª _xCrítica, interpretación, etc. |
| 630 | 0 | 7 |
_aBiblia. _pTito _xCrítica, interpretación, etc. |
| 942 | _cBK | ||
| 945 | _aCatherine Arias Alvarez | ||
| 999 |
_c70977 _d70977 |
||